[Event "FAI-chT 2122"]
[Site "Faroe Islands"]
[Date "2022.02.06"]
[Round "7.3"]
[White "Brekka, Martin"]
[Black "Petersen, Terji"]
[Result "0-1"]
[WhiteElo "2059"]
[BlackElo "2030"]
[PlyCount "66"]
[EventDate "2021.10.03"]
[EventType "team-tourn"]
[EventRounds "10"]
[EventCountry "FAI"]
[SourceTitle "EXT 2023"]
[Source "ChessBase"]
[SourceDate "2022.10.05"]
[SourceVersion "1"]
[SourceVersionDate "2022.10.05"]
[SourceQuality "1"]
[WhiteTeam "Vestmanna"]
[BlackTeam "Klaksvik"]
[WhiteTeamCountry "FAI"]
[BlackTeamCountry "FAI"]

1. d4 Nf6 2. c4 c5 3. d5 b5 4. cxb5 a6 5. bxa6 Bxa6 6. Nc3 d6 7. Nf3 g6 8. g3 Bg7 9. Bg2 0-0 10. 0-0 Nbd7 11. Re1 Qc7 12. Nd2 Rfb8 13. e4 Ne5 14. Bf1 Bxf1 15. Rxf1 Nfd7 16. f4 Nd3 17. Nc4 Nxc1 18. Qxc1 Rb4 19. b3 Nb6 20. Nd2 c4 21. a3 Qc5+ 22. Kg2 Rxb3 23. Nxb3 cxb3 24. e5 Nc4 25. Nd1 Qxd5+ 26. Kh3 dxe5 27. Ne3 Nxe3 28. Qxe3 exf4 29. Qxf4 Bxa1 30. Rxa1 b2 31. Rb1 Qh5+ 32. Kg2 Qe2+ 33. Kh3 Qc2 0-1

[Event "FAI-chT 2122"]
[Site "Faroe Islands"]
[Date "2021.11.20"]
[Round "5.3"]
[White "Brekka, Martin"]
[Black "Gaard, Ingolf"]
[Result "1-0"]
[WhiteElo "2059"]
[BlackElo "1912"]
[PlyCount "89"]
[EventDate "2021.10.03"]
[EventType "team-tourn"]
[EventRounds "10"]
[EventCountry "FAI"]
[SourceTitle "EXT 2023"]
[Source "ChessBase"]
[SourceDate "2022.10.05"]
[SourceVersion "1"]
[SourceVersionDate "2022.10.05"]
[SourceQuality "1"]
[WhiteTeam "Vestmanna"]
[BlackTeam "Klaksvik II"]
[WhiteTeamCountry "FAI"]
[BlackTeamCountry "FAI"]

1. Nc3 d5 2. e4 dxe4 3. Nxe4 g6 4. Bc4 Bg7 5. d3 Nf6 6. Ng3 Nc6 7. Nf3 0-0 8. Bd2 Nd4 9. Nxd4 Qxd4 10. Bc3 Qg4 11. f3 Qh4 12. 0-0 Nh5 13. Nxh5 Qxh5 14. Qe2 e6 15. Qe4 Qf5 16. Qxf5 gxf5 17. Bxg7 Kxg7 18. Kf2 b6 19. Rfe1 c5 20. Rad1 Rd8 21. Rd2 Bb7 22. a3 a5 23. c3 Rd6 24. Red1 Rad8 25. f4 Kf6 26. Ke3 Bd5 27. Bb5 e5 28. fxe5+ Kxe5 29. g3 Bb7 30. d4+ cxd4+ 31. Rxd4 Rxd4 32. Rxd4 Rxd4 33. cxd4+ Kf6 34. Kf4 h6 35. Bd7 Be4 36. g4 Bd3 37. Bxf5 Bb5 38. d5 Bc4 39. Be4 Bb3 40. h4 Bc4 41. g5+ hxg5+ 42. hxg5+ Ke7 43. Ke5 Bb5 44. d6+ Ke8 45. Bd5 1-0

[Event "FAI-chT2 2021"]
[Site "Faroe Islands"]
[Date "2020.11.22"]
[Round "5.3"]
[White "Naes, Jogvan"]
[Black "Brekka, Martin"]
[Result "1/2-1/2"]
[WhiteElo "1725"]
[BlackElo "2056"]
[PlyCount "74"]
[EventDate "2020.10.04"]
[EventType "team-tourn"]
[EventRounds "10"]
[EventCountry "FAI"]
[SourceTitle "EXT 2022"]
[Source "ChessBase"]
[SourceDate "2021.10.06"]
[SourceVersion "1"]
[SourceVersionDate "2021.10.06"]
[SourceQuality "1"]
[WhiteTeam "Havnin III"]
[BlackTeam "Vestmanna"]
[WhiteTeamCountry "FAI"]
[BlackTeamCountry "FAI"]

1. e4 c5 2. Nf3 d6 3. d4 cxd4 4. Nxd4 Nf6 5. Nc3 a6 6. Bg5 e6 7. f4 Be7 8. Qf3 Qc7 9. 0-0-0 Nc6 10. h3 Bd7 11. g4 Rc8 12. Kb1 b5 13. Nxc6 Qxc6 14. Bd3 b4 15. Ne2 a5 16. Bh4 Bd8 17. g5 Ng8 18. Bf2 e5 19. Rhg1 a4 20. f5 Ba5 21. Be3 Ne7 22. Rgf1 Qb7 23. f6 gxf6 24. Qxf6 Rf8 25. g6 hxg6 26. Qxd6 Qc7 27. Qf6 Rb8 28. Bg5 Be6 29. h4 Ng8 30. Qf3 f6 31. Be3 Bb6 32. Bb5+ Ke7 33. Bxa4 Ra8 34. Bxb6 Qxb6 35. Bb3 Rfd8 36. h5 g5 37. Ng3 Qa6 1/2-1/2

[Event "FAI-chT 1920"]
[Site "Faroe Islands"]
[Date "2020.05.23"]
[Round "10.3"]
[White "Brekka, Martin"]
[Black "Thomsen, Bernhard"]
[Result "1-0"]
[WhiteElo "2049"]
[BlackElo "2012"]
[PlyCount "56"]
[EventDate "2019.10.13"]
[EventType "team-tourn"]
[EventRounds "10"]
[EventCountry "FAI"]
[SourceTitle "EXT 2021"]
[Source "ChessBase"]
[SourceDate "2020.10.23"]
[SourceVersion "1"]
[SourceVersionDate "2020.10.23"]
[SourceQuality "1"]
[WhiteTeam "Vestmanna"]
[BlackTeam "Kollafjordur"]
[WhiteTeamCountry "FAI"]
[BlackTeamCountry "FAI"]

1. d4 d5 2. c4 e6 3. Nc3 Nf6 4. Bg5 c6 5. e3 Be7 6. Nf3 Nbd7 7. cxd5 exd5 8. Bd3 0-0 9. Qe2 Re8 10. h3 h6 11. Bf4 Bb4 12. 0-0 Qe7 13. a3 Bd6 14. Bxd6 Qxd6 15. b4 a5 16. b5 c5 17. dxc5 Nxc5 18. Rfd1 Be6 19. Nd4 Rac8 20. Qd2 b6 21. Bc2 Qe5 22. Nc6 Qg5 23. f4 Qg3 24. Qf2 Qxf2+ 25. Kxf2 Bd7 26. Nxd5 Nxd5 27. Rxd5 Bxc6 28. bxc6 Rxc6 1-0

[Event "FAI-chT3 1718"]
[Site "Faroe Islands"]
[Date "2018.02.17"]
[Round "7.1"]
[White "Ravnsfjall, Oddmar"]
[Black "Brekka, Martin"]
[Result "0-1"]
[WhiteElo "1662"]
[BlackElo "2024"]
[PlyCount "93"]
[EventDate "2017.10.22"]
[EventType "team-tourn"]
[EventRounds "9"]
[EventCountry "FAI"]
[SourceTitle "EXT 2020"]
[Source "ChessBase"]
[SourceDate "2019.10.17"]
[SourceVersion "1"]
[SourceVersionDate "2019.10.17"]
[SourceQuality "1"]
[WhiteTeam "Sandavagur IV"]
[BlackTeam "Streymur"]
[WhiteTeamCountry "FAI"]
[BlackTeamCountry "FAI"]

1. e4 c6 2. Bc4 d5 3. exd5 cxd5 4. Bb3 Nf6 5. d3 Nc6 6. a3 Bf5 7. Ne2 e6 8. h3 Bd6 9. 0-0 Qc7 10. Bg5 h6 11. Bh4 g5 12. Bg3 Bg6 13. Nbc3 a6 14. Qe1 0-0-0 15. Rc1 h5 16. Bxd6 Qxd6 17. f4 g4 18. h4 Rhe8 19. Qg3 Ng8 20. f5 exf5 21. Qxd6 Rxd6 22. Bxd5 Rxe2 23. Bxc6 Re5 24. Ba4 Ne7 25. Bb3 Nc6 26. Rce1 Rxe1 27. Rxe1 Nd4 28. Rd1 f4 29. Rc1 Kb8 30. Bd5 Nf5 31. Re1 Rd7 32. Rf1 Ne3 33. Be4 Nxf1 34. Kxf1 f5 35. Bd5 Rd6 36. Ke2 Be8 37. Kf2 Kc7 38. Bb3 Bc6 39. Bf7 g3+ 40. Kf1 f3 41. gxf3 Bxf3 42. Nb1 Bg4 43. Nc3 Bf3 44. Nb1 Rd4 45. Nd2 Bc6 46. Bg6 Rxh4 47. Kg1 0-1

[Event "FAI-chT 1415"]
[Site "Faroe Islands"]
[Date "2015.01.24"]
[Round "8.2"]
[White "Brekka, Martin"]
[Black "Rasmussen, Steintor"]
[Result "1-0"]
[WhiteElo "1991"]
[BlackElo "2111"]
[PlyCount "75"]
[EventDate "2014.10.26"]
[EventType "team-tourn"]
[EventRounds "10"]
[EventCountry "FAI"]
[SourceTitle "EXT 2019"]
[Source "ChessBase"]
[SourceDate "2018.10.10"]
[SourceVersion "1"]
[SourceVersionDate "2018.10.10"]
[SourceQuality "1"]
[WhiteTeam "Rokur"]
[BlackTeam "Klaksvik"]
[WhiteTeamCountry "FAI"]
[BlackTeamCountry "FAI"]

1. e4 d5 2. Nc3 d4 3. Nce2 e5 4. Ng3 Be6 5. Nf3 Nd7 6. Bb5 c6 7. Be2 Be7 8. 0-0 h5 9. d3 g6 10. c3 h4 11. Nh1 c5 12. Qd2 h3 13. g3 Bg4 14. Ne1 Bxe2 15. Qxe2 Qb6 16. cxd4 cxd4 17. f4 exf4 18. Bxf4 g5 19. Bc1 Rc8 20. Nf3 g4 21. Ne1 Qe6 22. Nf2 f5 23. Bf4 Ngf6 24. Nc2 fxe4 25. dxe4 Bc5 26. Qd3 Qb6 27. e5 Nd5 28. Nxg4 Rg8 29. Nf6+ N7xf6 30. exf6 Qxf6 31. Rae1+ Ne7 32. Re4 Bb6 33. Nb4 Kd8 34. Bc7+ Rxc7 35. Rxf6 a5 36. Rxb6 Rc1+ 37. Kf2 Rh1 38. Qxd4+ 1-0

[Event "FAI-chT 1314"]
[Site "Torshavn"]
[Date "2014.03.02"]
[Round "9.3"]
[White "Salsker, Tummas Martin"]
[Black "Brekka, Martin"]
[Result "1-0"]
[WhiteElo "1927"]
[BlackElo "2028"]
[PlyCount "59"]
[EventDate "2013.10.27"]
[EventType "team-tourn"]
[EventRounds "10"]
[EventCountry "FAI"]
[SourceTitle "EXT 2019"]
[Source "ChessBase"]
[SourceDate "2018.10.10"]
[SourceVersion "1"]
[SourceVersionDate "2018.10.10"]
[SourceQuality "1"]
[WhiteTeam "Klaksvik II"]
[BlackTeam "Vestmanna"]
[WhiteTeamCountry "FAI"]
[BlackTeamCountry "FAI"]

1. e4 c6 2. d4 d5 3. exd5 cxd5 4. c4 Nf6 5. Nc3 e6 6. Nf3 Nc6 7. Bd3 Bb4 8. cxd5 exd5 9. 0-0 0-0 10. Bg5 Be7 11. Qb3 Be6 12. Rac1 Qd7 13. Rfe1 h6 14. Bh4 Rfd8 15. Ne2 Ne4 16. Bxe7 Qxe7 17. Nf4 Ng5 18. Nxg5 Qxg5 19. Nxe6 fxe6 20. Bb1 Nxd4 21. Qd3 Nc6 22. Qh7+ Kf7 23. Rc3 Rh8 24. Bg6+ Ke7 25. Qxg7+ Kd6 26. Qxb7 Rac8 27. Bf7 e5 28. Bxd5 Ne7 29. Rd3 Nf5 30. Qa6+ 1-0

[Event "FAI-chT 1314"]
[Site "Torshavn"]
[Date "2014.02.09"]
[Round "8.2"]
[White "Brekka, Martin"]
[Black "Poulsen, Martin"]
[Result "0-1"]
[WhiteElo "2028"]
[BlackElo "2253"]
[PlyCount "100"]
[EventDate "2013.10.27"]
[EventType "team-tourn"]
[EventRounds "10"]
[EventCountry "FAI"]
[SourceTitle "EXT 2019"]
[Source "ChessBase"]
[SourceDate "2018.10.10"]
[SourceVersion "1"]
[SourceVersionDate "2018.10.10"]
[SourceQuality "1"]
[WhiteTeam "Vestmanna"]
[BlackTeam "Havnin"]
[WhiteTeamCountry "FAI"]
[BlackTeamCountry "FAI"]

1. e4 c5 2. Nf3 d6 3. d4 cxd4 4. Nxd4 Nf6 5. Nc3 g6 6. Be2 Bg7 7. Be3 0-0 8. 0-0 Nc6 9. h3 Bd7 10. Nb3 Rc8 11. f4 Na5 12. Nxa5 Qxa5 13. Bf3 Rfd8 14. Qd2 Ne8 15. Qf2 Bxc3 16. bxc3 b6 17. Bd4 e5 18. fxe5 dxe5 19. Be3 f6 20. Rad1 Qxc3 21. Rd3 Qc7 22. Rfd1 Bb5 23. Rxd8 Rxd8 24. Rxd8 Qxd8 25. Qe1 Bc4 26. Qb4 Nd6 27. a4 Qc7 28. Qe1 Bf7 29. Qh4 Ne8 30. Qf2 Qc6 31. Qd2 Qxa4 32. Qd8 Qxc2 33. Kh2 Qc7 34. Qd2 Qd6 35. Qb2 Nc7 36. h4 h5 37. g4 hxg4 38. Bxg4 Kh7 39. Qg2 Be6 40. h5 g5 41. Be2 Bd7 42. Qf3 Qe6 43. Bf1 Ne8 44. Qd1 Nd6 45. Qa1 Nc8 46. Qc1 Qc6 47. Qd2 Nd6 48. Bxg5 fxg5 49. Qxg5 Nf7 50. Qe7 Qe6 0-1

[Event "FAI-chT 1314"]
[Site "Torshavn"]
[Date "2014.01.12"]
[Round "5.3"]
[White "Vang, Finnbjorn"]
[Black "Brekka, Martin"]
[Result "1-0"]
[WhiteElo "2051"]
[BlackElo "2028"]
[PlyCount "51"]
[EventDate "2013.10.27"]
[EventType "team-tourn"]
[EventRounds "10"]
[EventCountry "FAI"]
[SourceTitle "EXT 2019"]
[Source "ChessBase"]
[SourceDate "2018.10.10"]
[SourceVersion "1"]
[SourceVersionDate "2018.10.10"]
[SourceQuality "1"]
[WhiteTeam "Klaksvik"]
[BlackTeam "Vestmanna"]
[WhiteTeamCountry "FAI"]
[BlackTeamCountry "FAI"]

1. e4 c5 2. d4 cxd4 3. c3 dxc3 4. Nxc3 e6 5. Nf3 Nc6 6. Bc4 Bb4 7. Bd2 Nge7 8. 0-0 a6 9. a3 Ba5 10. b4 Bc7 11. Qe2 0-0 12. Rfd1 Ng6 13. Bg5 Qe8 14. Be3 Qe7 15. Ba2 Nce5 16. Rac1 Nxf3+ 17. Qxf3 Ne5 18. Qg3 d6 19. f4 Nd7 20. Bd4 g6 21. e5 dxe5 22. fxe5 Bb6 23. Bxb6 Nxb6 24. Ne4 Kg7 25. Nf6 Rd8 26. Qh4 1-0

[Event "FAI-chT 1213"]
[Site "Faroe Islands"]
[Date "2012.11.25"]
[Round "4.3"]
[White "Brekka, Martin"]
[Black "Eydsteinsson, Silas"]
[Result "1-0"]
[WhiteElo "2030"]
[BlackElo "1700"]
[PlyCount "63"]
[EventDate "2012.10.28"]
[EventType "team-tourn"]
[EventRounds "10"]
[EventCountry "FAI"]
[SourceTitle "EXT 2014"]
[Source "ChessBase"]
[SourceDate "2013.11.20"]
[SourceVersion "1"]
[SourceVersionDate "2013.11.20"]
[SourceQuality "1"]
[WhiteTeam "Vestmanna"]
[BlackTeam "Sandavagur II"]
[WhiteTeamCountry "FAI"]
[BlackTeamCountry "FAI"]

1. d4 Nf6 2. c4 e6 3. Nf3 b6 4. g3 Bb7 5. Bg2 Be7 6. Nc3 d6 7. 0-0 Nbd7 8. b3 0-0 9. Bb2 Ne4 10. Qc2 f5 11. d5 Nxc3 12. Bxc3 e5 13. Nxe5 Nxe5 14. Bxe5 dxe5 15. d6 Bxg2 16. dxe7 Qxe7 17. Kxg2 Rad8 18. Rad1 g6 19. Qc3 c6 20. Qe3 Qc5 21. Qg5 Rd4 22. e3 Rxd1 23. Rxd1 Kg7 24. h4 h5 25. Rd7+ Rf7 26. Qd8 a5 27. a4 e4 28. Rd6 Kh7 29. Re6 Qb4 30. Re8 Qc5 31. Re6 Kg7 32. Qg5 1-0

[Event "FAI-chT"]
[Site "Faroe Islands"]
[Date "2012.03.11"]
[Round "9.2"]
[White "Brekka, Martin"]
[Black "Baldursson, Rani"]
[Result "1/2-1/2"]
[WhiteElo "2016"]
[BlackElo "1880"]
[PlyCount "80"]
[EventDate "2011.10.30"]
[EventType "team-tourn"]
[EventRounds "10"]
[EventCountry "FAI"]
[SourceTitle "EXT 2013"]
[Source "ChessBase"]
[SourceDate "2012.11.22"]
[SourceVersion "1"]
[SourceVersionDate "2012.11.22"]
[SourceQuality "1"]
[WhiteTeam "Vestmanna"]
[BlackTeam "Klaksvik II"]
[WhiteTeamCountry "FAI"]
[BlackTeamCountry "FAI"]

1. d4 Nf6 2. c4 g6 3. Nc3 d6 4. e4 Bg7 5. f3 0-0 6. Be3 e5 7. Nge2 Na6 8. Qd2 Re8 9. d5 Nd7 10. g4 Ndc5 11. Ng3 Rb8 12. h4 f6 13. Nb5 c6 14. Nxa7 Qb6 15. Nxc8 Rbxc8 16. Be2 Qb4 17. Qxb4 Nxb4 18. Bxc5 dxc5 19. Kd2 Bh6+ 20. Kc3 Bf4 21. Nf1 Kf7 22. a3 Na6 23. Rd1 Red8 24. Rd3 b5 25. Nd2 b4+ 26. Kc2 cxd5 27. Rxd5 bxa3 28. bxa3 Nc7 29. Rxd8 Rxd8 30. Nb3 Ne6 31. a4 Ra8 32. a5 Nd4+ 33. Nxd4 exd4 34. Ra1 Ra6 35. Ra2 Ke6 36. Kd3 Bc7 37. Bd1 Rxa5 38. Rxa5 Bxa5 39. f4 Be1 40. h5 gxh5 1/2-1/2

[Event "FAI-chT 0809"]
[Site "Faroe Islands"]
[Date "2009.01.11"]
[Round "6.3"]
[White "Brekka, Martin"]
[Black "Nielsen, Rogvi Egilstoft"]
[Result "0-1"]
[WhiteElo "2064"]
[BlackElo "1895"]
[PlyCount "52"]
[EventDate "2008.09.28"]
[EventType "team-tourn"]
[EventRounds "10"]
[EventCountry "FAI"]
[SourceTitle "EXT 2011"]
[Source "ChessBase"]
[SourceDate "2010.11.26"]
[SourceVersion "1"]
[SourceVersionDate "2010.11.26"]
[SourceQuality "1"]

1. e4 e5 2. Nf3 Nc6 3. Bc4 Bc5 4. d3 Nf6 5. Nc3 d6 6. h3 Be6 7. Bg5 Bxc4 8. dxc4 Bb4 9. Qd3 h6 10. Bd2 Bxc3 11. Bxc3 Qe7 12. Qe3 Nd7 13. 0-0-0 0-0-0 14. b4 Qe6 15. Qd3 Nb6 16. Nd2 Rhf8 17. Kb2 f5 18. f3 fxe4 19. fxe4 Rf2 20. Rhg1 Rdf8 21. Kb3 Qg6 22. g4 Qe8 23. b5 Nd8 24. Rdf1 Ne6 25. Qe3 Nc5+ 26. Kb4 a5+ 0-1

[Event "Tage Sorensen Memorial"]
[Site "Holbak"]
[Date "2001.07.01"]
[Round "9"]
[White "Carstensen, Jacob"]
[Black "Brekka, Martin"]
[Result "1/2-1/2"]
[WhiteElo "2227"]
[BlackElo "2102"]
[PlyCount "57"]
[EventDate "2001.06.23"]
[EventType "swiss"]
[EventRounds "9"]
[EventCountry "DEN"]
[SourceTitle "EXT 2002"]
[Source "ChessBase"]
[SourceDate "2001.11.25"]
[SourceVersion "1"]
[SourceVersionDate "2001.11.25"]
[SourceQuality "1"]

1. d4 d5 2. c4 e6 3. Nc3 Nf6 4. cxd5 exd5 5. Bg5 Be7 6. e3 c6 7. Bd3 Nbd7 8. Qc2 0-0 9. Nf3 Re8 10. h3 Nf8 11. 0-0-0 b5 12. g4 Bb7 13. Bxf6 Bxf6 14. h4 a5 15. g5 Be7 16. Rdg1 b4 17. Na4 c5 18. dxc5 d4 19. Nxd4 Bxh1 20. Rxh1 Rc8 21. Kb1 Bxc5 22. Nxc5 Qd5 23. Rc1 Nd7 24. Bc4 Qxc5 25. Bxf7+ Kxf7 26. Qb3+ Kg6 27. h5+ Kxh5 28. Qf7+ g6 29. Rh1+ 1/2-1/2

[Event "Roskilde Dome-ch"]
[Site "Roskilde"]
[Date "2000.10.28"]
[Round "2"]
[White "Brekka, Martin"]
[Black "Nielsen, Morten Davidsen"]
[Result "1-0"]
[WhiteElo "2102"]
[BlackElo "1976"]
[PlyCount "59"]
[EventDate "2000.10.27"]
[EventType "tourn"]
[EventRounds "5"]
[EventCountry "DEN"]
[SourceTitle "EXT 2023"]
[Source "ChessBase"]
[SourceDate "2022.10.05"]
[SourceVersion "1"]
[SourceVersionDate "2022.10.05"]
[SourceQuality "1"]

1. d4 Nf6 2. c4 c5 3. d5 b5 4. Nf3 e6 5. Bg5 Bb7 6. e4 Qa5+ 7. Qd2 Qxd2+ 8. Nbxd2 bxc4 9. Bxf6 gxf6 10. Bxc4 Na6 11. 0-0 Bg7 12. Nb3 f5 13. exf5 Bxb2 14. Rab1 Ba3 15. fxe6 fxe6 16. dxe6 d5 17. Bb5+ Ke7 18. Na5 Bc8 19. Bc6 Rb8 20. Rxb8 Nxb8 21. Bxd5 Bb4 22. Nb3 Bxe6 23. Bxe6 Kxe6 24. Rc1 Nd7 25. Ng5+ Kf5 26. h4 h6 27. Nf7 Rh7 28. Nd6+ Ke6 29. Nc4 Rh8 30. a3 1-0

[Event "FAI-ch"]
[Site "Oyrabakki"]
[Date "2000.04.20"]
[Round "7"]
[White "Brekka, Martin"]
[Black "Nolsoe, Rani"]
[Result "1-0"]
[WhiteElo "2155"]
[BlackElo "2200"]
[PlyCount "141"]
[EventDate "2000.04.15"]
[EventType "tourn"]
[EventRounds "9"]
[EventCountry "FAI"]
[SourceTitle "CBM 075 Extra"]
[Source "ChessBase"]
[SourceDate "2000.05.11"]
[SourceVersion "2"]
[SourceVersionDate "2000.05.11"]
[SourceQuality "1"]

1. e4 d6 2. Nc3 Nf6 3. d4 c6 4. Nf3 Bg4 5. Be3 e6 6. Be2 Be7 7. Nd2 Bxe2 8. Qxe2 0-0 9. f4 d5 10. e5 Nfd7 11. Nd1 c5 12. c3 cxd4 13. cxd4 Nc6 14. 0-0 Qb6 15. Nf3 Rac8 16. Nc3 Na5 17. Rad1 Nc4 18. Bc1 g6 19. g4 Rc6 20. f5 Rfc8 21. h4 Bb4 22. Rd3 Nxb2 23. Bxb2 Bxc3 24. Bxc3 Rxc3 25. Rxc3 Rxc3 26. Qd2 Rc8 27. f6 Kf8 28. Qe3 Qb2 29. Ng5 Rc6 30. Nxh7+ Ke8 31. Rf2 Rc1+ 32. Kg2 Qa1 33. Ng5 Rg1+ 34. Kh3 Rh1+ 35. Kg3 Qg1+ 36. Kf3 Rxh4 37. Rg2 Qd1+ 38. Kf2 Nb6 39. Nf3 Nc4 40. Qc3 Rh1 41. Kg3 a5 42. Qb3 Qxb3 43. axb3 Nb6 44. Ra2 Rb1 45. Rxa5 Rxb3 46. Ra7 Nc4 47. Kf4 Ne3 48. Nh4 Nc2 49. Ra8+ Kd7 50. Rf8 Nxd4 51. Rxf7+ Ke8 52. Re7+ Kd8 53. Nxg6 Rf3+ 54. Kg5 Rf1 55. Rxb7 Nf3+ 56. Kh6 Nxe5 57. Nxe5 Rxf6+ 58. Kh7 Ke8 59. Rf7 Rxf7+ 60. Nxf7 Kxf7 61. g5 d4 62. g6+ Kf6 63. g7 Kf5 64. g8Q e5 65. Qg6+ Kf4 66. Qd3 e4 67. Qxd4 Kf3 68. Qd1+ Kf2 69. Qc2+ Kf3 70. Qd2 e3 71. Qe1 1-0

[Event "FAI-ch"]
[Site "Oyrabakki"]
[Date "2000.04.15"]
[Round "1"]
[White "Hansen, Herluf"]
[Black "Brekka, Martin"]
[Result "1-0"]
[WhiteElo "2060"]
[BlackElo "2155"]
[PlyCount "71"]
[EventDate "2000.04.15"]
[EventType "tourn"]
[EventRounds "9"]
[EventCountry "FAI"]
[SourceTitle "CBM 075 Extra"]
[Source "ChessBase"]
[SourceDate "2000.05.11"]
[SourceVersion "2"]
[SourceVersionDate "2000.05.11"]
[SourceQuality "1"]

1. c4 Nf6 2. Nc3 g6 3. e4 d6 4. d4 Bg7 5. f4 0-0 6. Nf3 c6 7. Bd3 Bg4 8. Qe2 e5 9. fxe5 dxe5 10. d5 Na6 11. Be3 Qa5 12. Bd2 Qc7 13. Qf2 Nd7 14. 0-0 Nac5 15. Bc2 f5 16. Bg5 Nxe4 17. Nxe4 fxe4 18. Bxe4 Bxf3 19. gxf3 Nf6 20. Bxf6 Rxf6 21. dxc6 bxc6 22. c5 Rd8 23. b4 Rd4 24. Qb2 Qd7 25. Qb3+ Kh8 26. Rad1 Bh6 27. Qc2 Rf4 28. b5 cxb5 29. c6 Qc7 30. Qc5 a6 31. Rxd4 exd4 32. Qxd4+ Bg7 33. Qd7 Rf7 34. Qxc7 Rxc7 35. Rd1 a5 36. Rd8+ 1-0